| 000 | 00599nam a22002057a 4500 | ||
|---|---|---|---|
| 999 |
_c6294 _d6294 |
||
| 003 | AR-CdUCM | ||
| 008 | 190314b ||||| |||| 00| 0 spa d | ||
| 040 |
_aMUNICIPALIDAD PROVINCIAL DEL CUSCO _cBIBLIOTECA MUNICIPAL DEL CUSCO |
||
| 082 |
_a869.56 / _bU54 |
||
| 100 |
_aUrdanivia, Lizeth _918058 |
||
| 245 | _aLa palabra, esa astuta ramera / | ||
| 260 |
_aPerú : _bLluvia editores, _c1990. |
||
| 300 |
_a57 páginas _c20 cm |
||
| 505 | _aContenido : Poesía | ||
| 650 |
_aPoesía _9444 |
||
| 650 |
_aPoeta mujer _918059 |
||
| 650 |
_aLiteratura _9416 |
||
| 942 |
_2ddc _cLIBROS |
||
| 945 | _admma | ||